La metafísica y la poesía : (Record no. 38849)
[ view plain ]
| 000 -LEADER | |
|---|---|
| campo de control de longitud fija | 01027nam a2200253 i 4500 |
| 001 - NÚMERO DE CONTROL | |
| campo de control | 38849 |
| 003 - IDENTIFICADOR DE NÚMERO DE CONTROL | |
| campo de control | ES-MaACL |
| 005 - FECHA Y HORA DE LA ÚLTIMA TRANSACCIÓN | |
| campo de control | 20250804012819.0 |
| 007 - CAMPO FIJO DE DESCRIPCIÓN FÍSICA--INFORMACIÓN GENERAL | |
| campo de control de longitud fija | t| |
| 008 - DATOS DE LONGITUD FIJA--INFORMACIÓN GENERAL | |
| campo de control de longitud fija | 030226s1891 sp ||||1| spa d |
| 100 1# - ENTRADA PRINCIPAL--NOMBRE DE PERSONA | |
| Nombre de persona | Campoamor, Ramón de, |
| Fechas asociadas al nombre | 1817-1901 |
| 9 (RLIN) | 34232 |
| 245 13 - MENCIÓN DEL TÍTULO | |
| Título | La metafísica y la poesía : |
| Resto del título | polémica / |
| Mención de responsabilidad, etc. | por Don Ramón de Campoamor y Don Juan Valera. |
| 260 ## - PUBLICACIÓN, DISTRIBUCIÓN, ETC. | |
| Lugar de publicación, distribución, etc. | Madrid : |
| Nombre del editor, distribuidor, etc. | Sáenz de Jubera, hermanos, |
| Fecha de publicación, distribución, etc. | 1891 ( |
| Fabricante | E. Rubiños, imp.) |
| 300 ## - DESCRIPCIÓN FÍSICA | |
| Extensión | 271 p. ; |
| Dimensiones | 18 cm. |
| 505 8# - NOTA DE CONTENIDO CON FORMATO | |
| Nota de contenido con formato | Contiene: Referencias al Ateneo y a la revista El Ateneo |
| 530 ## - NOTA DISPONIBLE DE FORMULARIO FÍSICO ADICIONAL | |
| Nota de formato físico adicional disponible | Disponible en formato digital. |
| 650 #4 - PUNTO DE ACCESO ADICIONAL DE MATERIA--TÉRMINO DE MATERIA | |
| Término de materia o nombre geográfico como elemento de entrada | Poesía- |
| Subdivisión general | Filosofía. |
| 9 (RLIN) | 153115 |
| 650 #7 - PUNTO DE ACCESO ADICIONAL DE MATERIA--TÉRMINO DE MATERIA | |
| Término de materia o nombre geográfico como elemento de entrada | Metafísica |
| Fuente del encabezamiento o término | embne |
| 9 (RLIN) | 15012 |
| 700 1# - ENTRADA AGREGADA--NOMBRE PERSONAL | |
| Nombre de persona | Valera, Juan, |
| Fechas asociadas al nombre | 1824-1905 |
| 9 (RLIN) | 112638 |
| 852 ## - LOCALIZACIÓN | |
| Ubicación | ES-MaACL |
| Número de control de estantería | D-4313 |
| 856 ## - LOCALIZACIÓN Y ACCESO ELECTRÓNICOS | |
| Identificador Uniforme de Recursos | <a href="http://bdh-rd.bne.es/viewer.vm?id=0000084199&page=1 ">http://bdh-rd.bne.es/viewer.vm?id=0000084199&page=1 </a> |
| Nota pública | Biblioteca Digital Hispánica |
| 856 ## - LOCALIZACIÓN Y ACCESO ELECTRÓNICOS | |
| Identificador Uniforme de Recursos | <a href="http://bibliotecavirtual.asturias.es/i18n/consulta/registro.cmd?id=2488">http://bibliotecavirtual.asturias.es/i18n/consulta/registro.cmd?id=2488</a> |
| Nota pública | Biblioteca Virtual del Principado de Asturias |
| Estatus retirado | Estado de pérdida | Estado de daño | No para préstamo | Colección | Biblioteca de origen | Biblioteca actual | Ubicación en estantería | Fecha de adquisición | Fuente de adquisición | Total de préstamos | Signatura topográfica completa | Código de barras | Visto por última vez | Precio de reemplazo | Tipo de ítem Koha |
|---|---|---|---|---|---|---|---|---|---|---|---|---|---|---|---|
| Colección digital | Biblioteca del Ateneo de Madrid | Biblioteca del Ateneo de Madrid | Sala Valle Inclán | 17/01/2008 | D-4313 | 901040908 | 23/02/2023 | 23/02/2023 | Libro impreso antiguo |
